<?xml version="1.0" encoding="UTF-8"?>
<record
    xmlns:xsi="http://www.w3.org/2001/XMLSchema-instance"
    xsi:schemaLocation="http://www.loc.gov/MARC21/slim http://www.loc.gov/standards/marcxml/schema/MARC21slim.xsd"
    xmlns="http://www.loc.gov/MARC21/slim">

  <leader>00746    a2200193   4500</leader>
  <controlfield tag="003">Nust</controlfield>
  <controlfield tag="005">20220803153354.0</controlfield>
  <datafield tag="020" ind1=" " ind2=" ">
    <subfield code="a">0071240837</subfield>
  </datafield>
  <datafield tag="040" ind1=" " ind2=" ">
    <subfield code="c">Nust</subfield>
  </datafield>
  <datafield tag="082" ind1=" " ind2=" ">
    <subfield code="a">005.1,PRE</subfield>
  </datafield>
  <datafield tag="100" ind1=" " ind2=" ">
    <subfield code="a">Pressman, Roger S.</subfield>
    <subfield code="9">17958</subfield>
  </datafield>
  <datafield tag="245" ind1=" " ind2=" ">
    <subfield code="a">Software engineering :</subfield>
    <subfield code="b">a practitioner's approach /</subfield>
    <subfield code="c">Roger S. Pressman</subfield>
  </datafield>
  <datafield tag="250" ind1=" " ind2=" ">
    <subfield code="a">6th.</subfield>
  </datafield>
  <datafield tag="260" ind1=" " ind2=" ">
    <subfield code="a">New Delhi</subfield>
    <subfield code="b">Tata McGraw-Hill</subfield>
    <subfield code="c">2005</subfield>
  </datafield>
  <datafield tag="300" ind1=" " ind2=" ">
    <subfield code="a">xxxii, 880 p.:</subfield>
  </datafield>
  <datafield tag="505" ind1=" " ind2=" ">
    <subfield code="a">Part-1: The Software Process (Page-51), Part-2: Software Engineering Practice (page-127), Part-3: Applying Web Engineering (Page-499), Part-4: Managing Software Projects (Page-627),Part-5: Advance Topics in Software Engineering (Page-801).</subfield>
    <subfield code="g"> </subfield>
  </datafield>
  <datafield tag="650" ind1=" " ind2=" ">
    <subfield code="a">Software engineering.</subfield>
    <subfield code="9">2256</subfield>
  </datafield>
  <datafield tag="942" ind1=" " ind2=" ">
    <subfield code="c">BK</subfield>
    <subfield code="2">ddc</subfield>
    <subfield code="k">005.1,PRE</subfield>
  </datafield>
  <datafield tag="999" ind1=" " ind2=" ">
    <subfield code="c">193430</subfield>
    <subfield code="d">193430</subfield>
  </datafield>
  <datafield tag="952" ind1=" " ind2=" ">
    <subfield code="0">0</subfield>
    <subfield code="1">0</subfield>
    <subfield code="2">ddc</subfield>
    <subfield code="4">0</subfield>
    <subfield code="7">0</subfield>
    <subfield code="a">MCS</subfield>
    <subfield code="b">MCS</subfield>
    <subfield code="c">GEN</subfield>
    <subfield code="d">2023-01-28</subfield>
    <subfield code="l">11</subfield>
    <subfield code="o">005.1,PRE</subfield>
    <subfield code="p">MCS32835</subfield>
    <subfield code="r">2025-05-14</subfield>
    <subfield code="s">2025-01-22</subfield>
    <subfield code="w">2023-01-28</subfield>
    <subfield code="y">BK</subfield>
    <subfield code="z">Almirah No.3, Shelf No.5</subfield>
  </datafield>
  <datafield tag="952" ind1=" " ind2=" ">
    <subfield code="0">0</subfield>
    <subfield code="1">0</subfield>
    <subfield code="2">ddc</subfield>
    <subfield code="4">0</subfield>
    <subfield code="7">0</subfield>
    <subfield code="a">MCS</subfield>
    <subfield code="b">MCS</subfield>
    <subfield code="c">GEN</subfield>
    <subfield code="d">2024-11-08</subfield>
    <subfield code="l">2</subfield>
    <subfield code="o">005.1,PRE</subfield>
    <subfield code="p">MCS32834</subfield>
    <subfield code="r">2025-04-07</subfield>
    <subfield code="s">2025-01-30</subfield>
    <subfield code="w">2024-11-08</subfield>
    <subfield code="y">BK</subfield>
    <subfield code="z">Almirah No.3, Shelf No.5</subfield>
  </datafield>
</record>
